| 000 | 01377nam a2200313 c 4500 | ||
|---|---|---|---|
| 001 | |||
| 003 | |||
| 005 | 20230427132613.0 | ||
| 008 | 151007s2015 sp a | |||| 000 f spa | ||
| 020 | _a9788420412146 | ||
| 040 |
_aBPMSU _bspa _cBPMSU _e |
||
| 082 |
_a863.3 _bC419d 2015 _222 |
||
| 100 | 1 |
_aCervantes Saavedra, Miguel de _d1547-1616 _0 _935 |
|
| 245 | 1 | 0 |
_aDon Quijote de la Mancha / _cMiguel de Cervantes |
| 250 | _aEdición conmemorativa IV Centenario Cervantes | ||
| 260 |
_aMadrid : _bReal Academia Española ; _bAsociación de Academias de la Lengua Española _c2015 |
||
| 300 |
_aCXXI, 1249 p. _bil. _c21 cm |
||
| 500 | _aIncluye (p. XXXIII-CXXI, p. 1115-1153): Una novela para el siglo XXI / Mario Vargas Llosa ; La invención del "Quijote" / Francisco Ayala ; Cervantes y el "Quijote" / Martín de Riquer ; Nota al texto / Francisco Rico. La lengua de Cervantes y el "Quijote" / José Manuel Blecua, Guillermo Rojo, José Antonio Pascual, Margit Frenk, Claudio Guillén | ||
| 500 | _a b | ||
| 504 | _aBibliografía: p. 1153-1155 | ||
| 590 | _6Inventariado, 2021/VM | ||
| 600 | 1 | 4 |
_aCervantes Saavedra, Miguel de _d1547-1616 _tDon Quijote de la Mancha _2 |
| 630 | 4 |
_aLiteratura española _x |
|
| 650 | 4 |
_aNovela española _x |
|
| 650 | 4 | _aNovela de aventuras | |
| 650 | 4 |
_aCaballeros y caballería _vNovela |
|
| 910 | _aVMateo V. | ||
| 942 |
_2ddc _cBK |
||
| 999 |
_c13603 _d13603 |
||